Frederic Remington : (Record no. 24045)

000 -LEADER
fixed length control field 01145pam a2200289 a 4500
001 - CONTROL NUMBER
control field 2521644
005 - DATE AND TIME OF LATEST TRANSACTION
control field 20170127153138.0
008 - FIXED-LENGTH DATA ELEMENTS--GENERAL INFORMATION
fixed length control field 930319s1993 nyua bc 000 0 eng
010 ## - LIBRARY OF CONGRESS CONTROL NUMBER
LC control number 93001191
020 ## - INTERNATIONAL STANDARD BOOK NUMBER
International Standard Book Number 0517093545 :
Terms of availability $4.99
040 ## - CATALOGING SOURCE
Original cataloging agency DLC
Transcribing agency DLC
Modifying agency DLC
043 ## - GEOGRAPHIC AREA CODE
Geographic area code n-us---
-- n-usp--
050 00 - LIBRARY OF CONGRESS CALL NUMBER
Classification number ND237
Item number .R36A4 1993
100 1# - MAIN ENTRY--PERSONAL NAME
Personal name Remington, Frederic,
Dates associated with a name 1861-1909.
245 10 - TITLE STATEMENT
Title Frederic Remington :
Remainder of title paintings and sculpture.
260 ## - PUBLICATION, DISTRIBUTION, ETC. (IMPRINT)
Place of publication, distribution, etc. New York :
Name of publisher, distributor, etc. Wings Books ;
Place of publication, distribution, etc. Avenel, N.J. :
Name of publisher, distributor, etc. Distributed by Outlet Book Co.,
Date of publication, distribution, etc. 1993.
300 ## - PHYSICAL DESCRIPTION
Extent 1 v. (unpaged) :
Other physical details col. ill. ;
Dimensions 16 cm.
504 ## - BIBLIOGRAPHY, ETC. NOTE
Bibliography, etc Includes bibliographical references.
600 10 - SUBJECT ADDED ENTRY--PERSONAL NAME
Personal name Remington, Frederic,
Dates associated with a name 1861-1909
Form subdivision Catalogs.
650 #0 - SUBJECT ADDED ENTRY--TOPICAL TERM
Topical term or geographic name as entry element Indians of North America
General subdivision Pictorial works
Form subdivision Catalogs.
651 #0 - SUBJECT ADDED ENTRY--GEOGRAPHIC NAME
Geographic name West (U.S.)
Form subdivision In art
-- Catalogs.
942 ## - ADDED ENTRY ELEMENTS (KOHA)
Source of classification or shelving scheme
Koha item type Hard Covered Materials
Classification part ND237 .R36A4 1993
Holdings
Withdrawn status Lost status Source of classification or shelving scheme Damaged status Not for loan Home library Current library Shelving location Date acquired Source of acquisition Total Checkouts Full call number Barcode Date last seen Price effective from Koha item type
          MACHAKOS UNIVERSITY LIBRARY MACHAKOS UNIVERSITY LIBRARY Open shelf 27/01/2017 Donation(BFA)   ND237 .R36A4 1993 32598 22/10/2018 27/01/2017 Hard Covered Materials
© Machakos University Library, Along The Highway, Machakos Wote Rd, Machakos, Kenya P.O. Box 136 - 90100 Machakos - Kenya

Tel: ( +254 ) 723 805829 OR Fax : 044-20353 OR Email: library@mksu.ac.ke